ARRUPE JESUIT UNIVERSITY

CORONAVIRUS -STOP THE SPREAD - CLEAN,DISINFECT,COVER

The Gospel seed : (Record no. 127389)

MARC details
000 -LEADER
fixed length control field 01130cam a2200289 a 4500
001 - CONTROL NUMBER
control field 14886249
003 - CONTROL NUMBER IDENTIFIER
control field ARRUPE
005 - DATE AND TIME OF LATEST TRANSACTION
control field 20180116084555.0
008 - FIXED-LENGTH DATA ELEMENTS--GENERAL INFORMATION
fixed length control field 070611s2002 mw ab 001 0 eng
010 ## - LIBRARY OF CONGRESS CONTROL NUMBER
LC control number 2007383465
020 ## - INTERNATIONAL STANDARD BOOK NUMBER
International Standard Book Number 999085811X
040 ## - CATALOGING SOURCE
Original cataloging agency DLC
Transcribing agency DLC
Modifying agency DLC
042 ## - AUTHENTICATION CODE
Authentication code lcode
043 ## - GEOGRAPHIC AREA CODE
Geographic area code f-mw---
050 00 - LIBRARY OF CONGRESS CALL NUMBER
Classification number BT30
Item number .A4 C542
300 ## - PHYSICAL DESCRIPTION
Other physical details ill. (some col.), map ;
Dimensions 21 cm.
100 1# - MAIN ENTRY--PERSONAL NAME
Personal name Boucher, Claude C.
Titles and other words associated with a name Padre.
9 (RLIN) 38469
245 14 - TITLE STATEMENT
Title The Gospel seed :
Remainder of title culture and faith in Malawi as expressed in the Missio Banner /
Statement of responsibility, etc by Claude Boucher Chisale.
260 ## - PUBLICATION, DISTRIBUTION, ETC. (IMPRINT)
Place of publication, distribution, etc Mtakataka, Malawi :
Name of publisher, distributor, etc KuNgoni Art Craft Centre,
Date of publication, distribution, etc 2002.
300 ## - PHYSICAL DESCRIPTION
Extent iv, 158 p. :
500 ## - GENERAL NOTE
General note A folded copy of the Missio Banner inserted.
500 ## - GENERAL NOTE
General note Includes index.
650 #0 - SUBJECT ADDED ENTRY--TOPICAL TERM
Topical term or geographic name as entry element Theology, Doctrinal
Geographic subdivision Africa.
9 (RLIN) 8574
650 #0 - SUBJECT ADDED ENTRY--TOPICAL TERM
Topical term or geographic name as entry element Missio Banner (Malawi)
9 (RLIN) 38470
650 #0 - SUBJECT ADDED ENTRY--TOPICAL TERM
Topical term or geographic name as entry element Christian art and symbolism
Geographic subdivision Africa.
9 (RLIN) 38471
906 ## - LOCAL DATA ELEMENT F, LDF (RLIN)
a 7
b cbc
c origode
d 3
e ncip
f 20
g y-gencatlg
942 ## - ADDED ENTRY ELEMENTS (KOHA)
Source of classification or shelving scheme Library of Congress Classification
Koha item type Monograph ( Printed materials)
Holdings
Withdrawn status Lost status Source of classification or shelving scheme Damaged status Not for loan Collection code Home library Current library Shelving location Date acquired Total Checkouts Full call number Barcode Date last seen Date checked out Price effective from Koha item type
    Library of Congress Classification     Main Collection ARRUPE LIBRARY ARRUPE LIBRARY Main Collection 16/01/2018 6 BT30 .A4 C542 46600001184 15/11/2019 13/11/2019 16/01/2018 Monograph ( Printed materials)

 

Arrupe Library. PO Box MP320 Mt Pleasant, Harare, Zimbabwe
263 242 745411|librarian@aju.ac.zw